Seleção Borussia Dortmund Champions League 2024/2025 - Statistics

Estatísticas Gerais
  • Esse quiz foi jogado 26 vezes
  • A pontuação média é 11 de 25
Estatísticas das Respostas
Imagem Resposta % Correto
Emre Can
92%
Julian Brandt
92%
Marcel Sabitzer
92%
Niklas Süle
92%
Gregor Kobel
88%
Karim Adeyemi
83%
Giovanni Reyna
79%
Nico Schlotterbeck
71%
Serhou Guirassy
67%
Yan Couto
67%
Jamie Gittens
58%
Felix Nmecha
42%
Julian Ryerson
42%
Ramy Bensebaini
42%
Waldemar Anton
38%
Maximilian Beier
33%
Pascal Gross
25%
Salih Özcan
13%
Alexander Meyer
8%
Carney Chukwuemeka
8%
Marcel Lotka
8%
Daniel Svensson
4%
Ayman Azhil
0%
Kjell Wätjen
0%
Silas Ostrzinski
0%
Nenhum quiz correspondente encontrado
Distribuição das Pontuações
Porcentagem de Pessoas com Cada Pontuação
Percentil de Números Respondidos
Sua Pontuação Histórica
Você não jogou esse quiz